Statistiques concernant Préjugés sur les Belges

Cliquez ici pour prendre le quiz!

Statistiques générales

  • Ce quiz a été pris 507 fois
  • Le résultat moyen est 8 sur 10

Statistiques - réponses

IndicesRéponses% Correct
Les Belges se nourriraient essentiellement de ces aliments à base de pommes de terre.Frites
98%
Météorologiquement parlant, la Belgique serait constamment sous la...Pluie
95%
Ces dernières seraient la plupart du temps accompagnées de ces mollusques.Moules
93%
Et de la ... arroseraient bien évidemment le tout.Bière
89%
Intellectuellement parlant, les Belges seraient tous...Stupides
89%
Les Flamands détesteraient les ... et vice-versa.Wallons
85%
L'... belge serait d'ailleurs très étrange et amusant.Accent
78%
Les Belges porteraient tous la ... , à l'image du célèbre Hercule Poirot.Moustache
73%
Les Belges termineraient toutes leurs phrases par..."Une fois"
68%
Les Belges seraient des professionnels de l'écriture de...Bandes-dessinées
52%

Distribution des résultats

Percentile par nombre de réponses

% des personnes avec chaque résultat

Votre développement - résultats

Vous n’avez pas pris ce quiz